Statystyki dla Najczęściej używane języki świata na mapie

Kliknij tutaj aby rozwiązać quiz!

Ogólne statystyki

  • Ten quiz został rozwiązany 5 741 razy
  • Średni wynik to 25 z 100

Odpowiedzi na mapie

Odpowiedzi skodowane kolorowo w zielono-czerwonej skali na mapie do tego quizu, zgodnie z poniższymi procentami.
 

Statystyki odpowiedzi

#Język% Poprawnych
360Angielski
99%
40Polski
97%
405Hiszpański
96%
155Rosyjski
95%
215Portugalski
94%
95Niemiecki
93%
75Francuski
92%
30Ukraiński
88%
59Włoski
88%
125Japoński
87%
295Arabski
82%
7,6Białoruski
82%
63Turecki
82%
10Czeski
81%
12Grecki
80%
24Rumuński
77%
8,7Szwedzki
75%
21Holenderski
74%
13Węgierski
74%
76Koreański
72%
19Serbsko-Chorwacki
68%
955Mandaryński
67%
310Hindi
49%
77Malajski / Indonezyjski
42%
11Kazachski
40%
45Perski
40%
76Wietnamski
36%
56Tajski
33%
23Azerski
30%
205Bengalski
25%
15Somalijski
25%
59Kantoński
23%
9,6Kreolski Haitański
19%
26Uzbecki
19%
21Kurdyjski
17%
17Nepalski
15%
16Turkmeński
15%
82Jawajski
14%
33Birmański
13%
66Urdu
12%
80Wu
12%
16Khmerski
10%
70Tamilski
10%
39Paszto
9%
10,4Zulu
9%
100Pendżabski
8%
18Malgaski
7%
25Amharski
6%
8,9Keczua
6%
76Telugu
6%
8,2Ujgurski
6%
49Gudźarati
5%
38Kannada
5%
73Marathi
5%
21Cebuański
4%
34Hausa
4%
28Joruba
4%
9,8Rwanda
4%
7,6Xhosa
4%
22Gan
3%
31Hakka
3%
24Igbo
3%
48Jin
3%
38Malajalam
3%
33Orija
3%
24Oromo
3%
26Sindhi
3%
38Sundajski
3%
16Syngaleski
3%
28Tagalski
3%
38Xiang
3%
11Akan
2%
15Asamski
2%
22Awadhi
2%
7,6Beludżi
2%
29Bhodźpuri
2%
12Czewa
2%
24Ful
2%
8,4Hmong
2%
7,4Konkani
2%
15Madurski
2%
14Magadhi
2%
27Maithili
2%
47Minnański
2%
8,8Rundi
2%
17Saraiki
2%
8,3Shona
2%
16Zhuang
2%
16Chatgaya
1%
12Ćhattisgarhi
1%
11Dakhini
1%
9,6Dhundari
1%
14Haryanvi
1%
8,2Hiligaynon
1%
9,1Iloko
1%
14Marwari
1%
10,9Minbei
1%
9,5Mindong
1%
7,6Mossi
1%
10,7Sylheti
1%

Rozkład punktacji

Percentyl według liczby udzielonych odpowiedzi

Procent ludzi z każdym wynikiem

Twoja historia wyników

Nie rozwiązałeś tego quizu